Sänger am Bild erkennen - Statistiken

Allgemein
  • Dieses Quiz wurde 1.983 mal gespielt
  • Das Durchschnittsergebnis liegt bei 12 aus 16
Antwortstatistiken
Bildquiz Antwort % Korrekt
Justin Bieber
96%
Taylor Swift
96%
Ariana Grande
95%
Billie Eilish
93%
Rihanna
89%
Harry Styles
82%
BTS
79%
Selena Gomez
77%
Dua Lipa
71%
Shawn Mendes
70%
The Weeknd
65%
Post Malone
64%
Blackpink
59%
Coldplay
50%
Camila Cabello
49%
Lizzo
45%
Keine übereinstimmenden Quizze gefunden
Verteilung der Resultate
Anzahl Personen mit jedem Resultat
Perzentil nach korrekt beantworteten Fragen
Ihre Resultats-Entwicklung
Sie haben dieses Quiz noch nicht gespielt